Statistics for European flags

Click here to take the quiz!

General Stats

  • This quiz has been taken 22 times
  • The average score is 44 of 50

Answer Stats

Answer% Correct
Albania
100%
Austria
95%
Belgium
95%
Croatia
95%
Cyprus
95%
Denmark
95%
France
95%
Germany
95%
Greece
95%
Iceland
95%
Ireland
95%
Italy
95%
Netherlands
95%
Norway
95%
Poland
95%
Romania
95%
Bosnia and Herzegovina
89%
Bulgaria
89%
Czech Republic
89%
Estonia
89%
Finland
89%
Georgia
89%
Hungary
89%
Malta
89%
North Macedonia
89%
Portugal
89%
Russia
89%
Spain
89%
Sweden
89%
Switzerland
89%
Turkey
89%
Ukraine
89%
United Kingdom
89%
Andorra
84%
Armenia
84%
Azerbaijan
84%
Belarus
84%
Kazakhstan
84%
Latvia
84%
Liechtenstein
84%
Luxembourg
84%
Moldova
84%
Monaco
84%
Montenegro
84%
San Marino
84%
Vatican City
84%
Slovakia
79%
Slovenia
79%
Lithuania
74%
Serbia
74%

Score Distribution

Percentile by Number Answered

Percent of People with Each Score

Your Score History

You have not taken this quiz